[Event "Russian Women's Higher League 2021"]
[Site "?"]
[Date "2021.07.04"]
[Round "8.17"]
[White "Yakimova, Mariya"]
[Black "Gritsayeva, Oksana"]
[Result "0-1"]
[WhiteElo "2200"]
[BlackElo "2332"]
[Annotator ""]
[Source ""]
[Remark ""]

1.d4 {[%clk 1:26:13]} Nf6 {[%clk 1:30:54]} 2.c4 {[%clk 1:26:38]}
e6 {[%clk 1:31:11]} 3.g3 {[%clk 1:26:51]} d5 {[%clk 1:31:03]}
4.Nf3 {[%clk 1:27:09]} Bb4+ {[%clk 1:30:59]} 5.Bd2 {[%clk 1:27:35]}
Be7 {[%clk 1:31:11]} 6.Bg2 {[%clk 1:26:31]} O-O {[%clk 1:31:24]}
7.O-O {[%clk 1:26:09]} c6 {[%clk 1:31:16]} 8.Qc2 {[%clk 1:26:23]}
Nbd7 {[%clk 1:31:21]} 9.Bf4 {[%clk 1:08:52]} b6 {[%clk 1:24:58]}
10.Rd1 {[%clk 1:08:45]} Ba6 {[%clk 1:24:25]} 11.Ne5 {[%clk 1:08:48]}
Nxe5 {[%clk 1:16:57]} 12.dxe5 {[%clk 1:07:05]} Nd7 {[%clk 1:17:22]}
13.cxd5 {[%clk 1:06:30]} cxd5 {[%clk 1:17:04]} 14.e4 {[%clk 1:06:33]}
Rc8 {[%clk 1:08:28]} 15.Nc3 {[%clk 1:06:54]} d4 {[%clk 1:06:02]}
16.Rxd4 {[%clk 1:07:01]} Qc7 {[%clk 1:05:39]} 17.Qd1 {[%clk 0:43:19]}
Rfd8 {[%clk 0:56:38]} 18.Bf1 {[%clk 0:30:21]} Bxf1 {[%clk 0:53:02]}
19.Qxf1 {[%clk 0:30:18]} Nxe5 {[%clk 0:44:45]} 20.Rxd8+ {[%clk 0:30:12]}
Rxd8 {[%clk 0:44:33]} 21.Rc1 {[%clk 0:25:35]} Qb8 {[%clk 0:42:05]}
22.Nb5 {[%clk 0:25:05]} g5 {[%clk 0:37:03]} 23.Bxe5 {[%clk 0:23:14]}
Qxe5 {[%clk 0:37:22]} 24.Nxa7 {[%clk 0:23:13]} Qxb2 {[%clk 0:31:46]}
25.Nc6 {[%clk 0:22:31]} Rd7 {[%clk 0:31:48]} 26.Nxe7+ {[%clk 0:22:07]}
Rxe7 {[%clk 0:32:14]} 27.Qc4 {[%clk 0:22:24]} Ra7 {[%clk 0:29:42]}
28.Rc2 {[%clk 0:22:45]} Qe5 {[%clk 0:29:28]} 29.h3 {[%clk 0:15:15]}
Kg7 {[%clk 0:26:51]} 30.Rd2 {[%clk 0:12:48]} Ra5 {[%clk 0:19:53]}
31.Rd7 Rc5 32.Qd4 {[%clk 0:11:45]} Qxd4 {[%clk 0:19:23]} 33.Rxd4
{[%clk 0:12:11]} Rc2 {[%clk 0:18:47]} 34.a4 {[%clk 0:12:14]}
Rb2 {[%clk 0:18:44]} 35.e5 {[%clk 0:11:32]} Kg6 {[%clk 0:18:12]}
36.Kg2 {[%clk 0:11:05]} h5 {[%clk 0:11:43]} 37.Rc4 {[%clk 0:09:09]}
b5 {[%clk 0:09:22]} 38.axb5 Rxb5 39.h4 {[%clk 0:09:03]} gxh4
{[%clk 0:07:53]} 40.Rxh4 {[%clk 0:39:05]} Rxe5 {[%clk 0:38:11]}
41.Ra4 {[%clk 0:39:22]} Rb5 {[%clk 0:37:42]} 42.Kf3 {[%clk 0:39:20]}
Kg5 {[%clk 0:35:08]} 43.Rc4 {[%clk 0:38:32]} f6 {[%clk 0:32:49]}
44.Ra4 {[%clk 0:38:54]} Rb3+ {[%clk 0:32:19]} 45.Ke2 {[%clk 0:39:09]}
e5 {[%clk 0:32:01]} 46.Ra8 {[%clk 0:36:35]} Rb4 {[%clk 0:25:35]}
47.Rg8+ {[%clk 0:35:11]} Kf5 {[%clk 0:25:53]} 48.Rh8 {[%clk 0:34:49]}
Kg6 {[%clk 0:25:50]} 49.Kf3 {[%clk 0:34:58]} Ra4 {[%clk 0:23:34]}
50.Ke3 {[%clk 0:35:04]} Ra1 {[%clk 0:21:58]} 51.Kf3 {[%clk 0:35:05]}
Re1 {[%clk 0:21:55]} 52.Kg2 {[%clk 0:33:35]} e4 {[%clk 0:21:01]}
53.Rg8+ {[%clk 0:34:00]} Kh7 {[%clk 0:20:43]} 54.Re8 {[%clk 0:34:24]}
Kg7 {[%clk 0:20:50]} 55.Re7+ {[%clk 0:34:39]} Kg6 {[%clk 0:21:12]}
56.Re8 {[%clk 0:35:01]} h4 {[%clk 0:16:17]} 57.gxh4 {[%clk 0:35:24]}
f5 {[%clk 0:14:16]} 58.Rg8+ {[%clk 0:35:40]} Kf7 {[%clk 0:13:14]}
59.Rg5 {[%clk 0:35:19]} Kf6 {[%clk 0:13:30]} 60.Rg8 {[%clk 0:29:00]}
f4 {[%clk 0:13:09]} 61.Rf8+ {[%clk 0:29:16]} Ke5 {[%clk 0:13:26]}
62.f3 {[%clk 0:26:23]} e3 {[%clk 0:12:52]} 63.Re8+ {[%clk 0:26:48]}
Kd4 {[%clk 0:11:10]} 64.h5 {[%clk 0:24:29]} Ra1 {[%clk 0:06:08]}
65.Kh3 {[%clk 0:23:20]} Rg1 {[%clk 0:06:03]} 66.h6 {[%clk 0:23:09]}
Kd3 {[%clk 0:05:17]} 67.h7 {[%clk 0:22:51]} Rh1+ {[%clk 0:05:43]}
68.Kg4 {[%clk 0:23:18]} Rxh7 {[%clk 0:06:06]} 69.Kxf4 {[%clk 0:23:43]}
e2 {[%clk 0:04:12]} 70.Rd8+ {[%clk 0:19:01]} Kc2 {[%clk 0:04:26]}
71.Re8 {[%clk 0:19:03]} Kd2 {[%clk 0:04:42]} 72.Kg5 {[%clk 0:15:59]}
Rg7+ {[%clk 0:03:42]} 73.Kf5 {[%clk 0:12:31]} Rf7+ {[%clk 0:03:38]}
74.Kg4 {[%clk 0:12:39]} e1Q {[%clk 0:03:53]} 75.Rxe1 {[%clk 0:13:07]}
Kxe1 {[%clk 0:04:16]} 76.f4 {[%clk 0:13:34]} Ke2 {[%clk 0:04:41]}
77.f5 {[%clk 0:13:53]} Ke3 {[%clk 0:05:02]} 78.Kg5 {[%clk 0:14:20]}
Ke4 {[%clk 0:05:13]} 0-1

[Event "Russian Women's Higher League 2021"]
[Site "?"]
[Date "2021.07.04"]
[Round "8.18"]
[White "Kuznetsova, Marina"]
[Black "Faizutdinova, Diana"]
[Result "1/2-1/2"]
[WhiteElo "1964"]
[BlackElo "2027"]
[Annotator ""]
[Source ""]
[Remark ""]

1.e4 {[%clk 1:30:58]} c5 {[%clk 1:30:56]} 2.Nf3 {[%clk 1:31:23]}
Nf6 {[%clk 1:31:22]} 3.e5 {[%clk 1:31:49]} Nd5 {[%clk 1:31:48]}
4.Nc3 {[%clk 1:32:11]} e6 {[%clk 1:31:24]} 5.Nxd5 {[%clk 1:32:35]}
exd5 {[%clk 1:31:50]} 6.d4 {[%clk 1:33:03]} Nc6 {[%clk 1:25:53]}
7.dxc5 {[%clk 1:33:26]} Bxc5 {[%clk 1:26:18]} 8.Qxd5 {[%clk 1:33:49]}
Qb6 {[%clk 1:26:34]} 9.Bc4 {[%clk 1:34:04]} Bxf2+ {[%clk 1:22:13]}
10.Ke2 {[%clk 1:33:55]} O-O {[%clk 1:02:34]} 11.Rf1 {[%clk 1:34:03]}
Bc5 {[%clk 1:01:17]} 12.Ng5 {[%clk 1:33:55]} Nd4+ {[%clk 0:59:26]}
13.Kd1 {[%clk 1:33:36]} Ne6 {[%clk 0:58:31]} 14.Ne4 {[%clk 1:33:45]}
Be7 {[%clk 0:42:34]} 15.Nd6 {[%clk 1:33:19]} a5 {[%clk 0:31:23]}
16.a4 {[%clk 1:28:01]} Qc6 {[%clk 0:25:00]} 17.b3 {[%clk 1:04:15]}
Qxd5+ {[%clk 0:23:01]} 18.Bxd5 {[%clk 1:04:39]} Rb8 {[%clk 0:20:09]}
19.Be3 {[%clk 0:52:59]} b6 {[%clk 0:19:39]} 20.Kd2 {[%clk 0:49:14]}
Ba6 {[%clk 0:08:39]} 21.c4 {[%clk 0:45:45]} f6 {[%clk 0:07:06]}
22.Bd4 {[%clk 0:39:44]} Kh8 {[%clk 0:05:01]} 23.exf6 {[%clk 0:36:40]}
gxf6 {[%clk 0:04:49]} 24.Nf5 {[%clk 0:34:40]} Nxd4 {[%clk 0:05:11]}
25.Nxd4 {[%clk 0:34:55]} Bd6 {[%clk 0:05:03]} 26.Nf3 {[%clk 0:30:18]}
Rbe8 {[%clk 0:05:16]} 27.Kd3 {[%clk 0:29:37]} Bb4 {[%clk 0:05:15]}
28.Nd4 {[%clk 0:26:24]} Re5 {[%clk 0:05:10]} 29.Rf5 {[%clk 0:16:58]}
Rxf5 {[%clk 0:04:05]} 30.Nxf5 {[%clk 0:17:25]} Bc8 {[%clk 0:04:10]}
31.Rf1 {[%clk 0:14:44]} d6 {[%clk 0:03:57]} 32.Ne7 {[%clk 0:14:30]}
Bg4 {[%clk 0:04:00]} 33.Be4 {[%clk 0:12:54]} Bc5 {[%clk 0:02:53]}
34.Nd5 {[%clk 0:10:17]} Kg7 {[%clk 0:03:08]} 35.Bf5 {[%clk 0:10:25]}
Bh5 {[%clk 0:03:08]} 36.Nc7 {[%clk 0:08:43]} Bf7 {[%clk 0:01:23]}
37.Re1 {[%clk 0:08:28]} Rd8 {[%clk 0:00:40]} 38.Nd5 {[%clk 0:04:57]}
Re8 {[%clk 0:00:40]} 39.Rxe8 {[%clk 0:04:34]} Bxe8 {[%clk 0:01:05]}
40.Bxh7 {[%clk 0:34:03]} Bh5 {[%clk 0:30:36]} 41.Bf5 {[%clk 0:32:54]}
Bd1 {[%clk 0:28:26]} 42.Kc3 {[%clk 0:32:42]} Bh5 {[%clk 0:28:02]}
43.Nf4 {[%clk 0:28:17]} Bf7 {[%clk 0:28:29]} 44.Kd3 {[%clk 0:27:51]}
Kh6 {[%clk 0:28:33]} 45.Ke4 {[%clk 0:27:14]} Bg1 {[%clk 0:24:33]}
46.h3 {[%clk 0:26:03]} Kg5 {[%clk 0:21:09]} 47.g3 {[%clk 0:18:20]}
Bf2 {[%clk 0:18:59]} 48.h4+ {[%clk 0:18:44]} Kh6 {[%clk 0:19:22]}
49.Kf3 {[%clk 0:18:55]} Be1 {[%clk 0:17:19]} 50.Ng2 {[%clk 0:18:42]}
Bc3 {[%clk 0:15:39]} 51.Ke4 {[%clk 0:16:37]} Bb4 {[%clk 0:15:01]}
52.g4 {[%clk 0:16:06]} Bc5 {[%clk 0:15:26]} 53.Nf4 {[%clk 0:15:03]}
Bf2 {[%clk 0:15:05]} 54.g5+ {[%clk 0:13:20]} fxg5 {[%clk 0:12:13]}
55.hxg5+ {[%clk 0:13:46]} Kg7 {[%clk 0:12:34]} 56.g6 {[%clk 0:13:19]}
Be8 {[%clk 0:12:10]} 57.Kd5 {[%clk 0:10:24]} Kf6 {[%clk 0:11:39]}
58.Ne6 {[%clk 0:07:26]} Bd7 {[%clk 0:08:22]} 59.Kxd6 {[%clk 0:00:51]}
Bxe6 {[%clk 0:08:42]} 60.Bxe6 {[%clk 0:01:17]} Kxg6 {[%clk 0:09:07]}
61.Kc6 {[%clk 0:01:28]} Kf6 {[%clk 0:09:19]} 62.Bg4 {[%clk 0:01:37]}
Ke7 {[%clk 0:09:32]} 63.Kc7 {[%clk 0:01:59]} Bg1 {[%clk 0:09:44]}
64.Bh3 {[%clk 0:02:12]} Bf2 {[%clk 0:10:07]} 65.Bd7 {[%clk 0:02:03]}
Bg1 {[%clk 0:10:18]} 66.Bb5 {[%clk 0:01:27]} Bf2 {[%clk 0:10:34]} 1/2-1/2

[Event "Russian Women's Higher League 2021"]
[Site "?"]
[Date "2021.07.04"]
[Round "8.19"]
[White "Plekhanova, Ekaterina"]
[Black "Tomilova, Elena"]
[Result "0-1"]
[WhiteElo "1858"]
[BlackElo "2353"]
[Annotator ""]
[Source ""]
[Remark ""]

1.e4 {[%clk 1:30:59]} c5 {[%clk 1:30:54]} 2.Nf3 {[%clk 1:31:24]}
d6 {[%clk 1:31:20]} 3.d4 {[%clk 1:31:50]} cxd4 {[%clk 1:31:45]}
4.Nxd4 {[%clk 1:32:17]} Nf6 {[%clk 1:32:08]} 5.Nc3 {[%clk 1:32:42]}
e6 {[%clk 1:32:34]} 6.Be2 {[%clk 1:31:47]} Be7 {[%clk 1:32:55]}
7.Be3 {[%clk 1:30:41]} Nc6 {[%clk 1:33:05]} 8.Qd2 {[%clk 1:29:26]}
O-O {[%clk 1:32:24]} 9.O-O-O {[%clk 1:24:04]} a6 {[%clk 1:32:35]}
10.g4 {[%clk 1:23:09]} Nxd4 {[%clk 1:30:53]} 11.Bxd4 {[%clk 1:21:34]}
b5 {[%clk 1:28:28]} 12.g5 {[%clk 1:10:31]} Nd7 {[%clk 1:28:02]}
13.f4 {[%clk 1:09:06]} b4 {[%clk 1:28:02]} 14.Na4 {[%clk 1:07:18]}
Bb7 {[%clk 1:25:23]} 15.Bf3 {[%clk 1:03:47]} e5 {[%clk 1:07:17]}
16.Qxb4 {[%clk 0:40:40]} Bc6 {[%clk 1:02:02]} 17.fxe5 {[%clk 0:33:32]}
Rb8 {[%clk 1:01:06]} 18.Qa3 {[%clk 0:32:45]} dxe5 {[%clk 0:59:41]}
19.Bc5 {[%clk 0:33:08]} Bxc5 {[%clk 0:58:55]} 20.Nxc5 {[%clk 0:31:46]}
Qxg5+ {[%clk 0:59:14]} 21.Rd2 {[%clk 0:25:19]} Nxc5 {[%clk 0:38:26]}
22.Qxc5 {[%clk 0:25:42]} Rfd8 {[%clk 0:35:43]} 23.Rhd1 {[%clk 0:25:14]}
Rxd2 {[%clk 0:35:48]} 24.Rxd2 {[%clk 0:25:11]} Rd8 {[%clk 0:35:13]}
25.Qf2 {[%clk 0:24:46]} g6 {[%clk 0:31:08]} 26.c3 {[%clk 0:19:38]}
Qf4 {[%clk 0:23:00]} 27.Bh1 {[%clk 0:16:40]} Re8 {[%clk 0:22:45]}
28.Qe2 {[%clk 0:15:23]} Kg7 {[%clk 0:19:41]} 29.Kc2 {[%clk 0:10:46]}
Bb5 {[%clk 0:17:42]} 30.c4 {[%clk 0:10:42]} Bc6 {[%clk 0:16:54]}
31.Rd1 {[%clk 0:07:13]} a5 {[%clk 0:14:49]} 32.b3 {[%clk 0:07:31]}
a4 {[%clk 0:15:07]} 33.b4 {[%clk 0:07:30]} f5 {[%clk 0:12:25]}
34.Rf1 {[%clk 0:07:33]} Qh4 {[%clk 0:11:45]} 35.exf5 {[%clk 0:07:38]}
Bxh1 {[%clk 0:12:05]} 36.f6+ {[%clk 0:08:03]} Kf7 {[%clk 0:11:49]}
37.Rxh1 {[%clk 0:08:25]} Rc8 {[%clk 0:11:39]} 38.a3 {[%clk 0:01:22]}
Rxc4+ {[%clk 0:11:40]} 39.Kb2 {[%clk 0:01:20]} Qd4+ {[%clk 0:09:39]}
40.Ka2 {[%clk 0:31:34]} Qd5 {[%clk 0:38:45]} 41.Kb2 {[%clk 0:26:32]}
Rd4 {[%clk 0:37:53]} 42.Rb1 {[%clk 0:25:57]} Rd2+ {[%clk 0:38:13]} 0-1

[Event "Russian Women's Higher League 2021"]
[Site "?"]
[Date "2021.07.04"]
[Round "8.20"]
[White "Tochilkina, Ekaterina"]
[Black "Miroshnik, Ekaterina"]
[Result "0-1"]
[WhiteElo "1877"]
[BlackElo "2234"]
[Annotator ""]
[Source ""]
[Remark ""]

1.e4 {[%clk 1:30:57]} e5 {[%clk 1:30:57]} 2.Nf3 {[%clk 1:31:22]}
Nc6 {[%clk 1:31:24]} 3.Bb5 {[%clk 1:31:45]} a6 {[%clk 1:31:51]}
4.Ba4 {[%clk 1:32:11]} Nf6 {[%clk 1:32:18]} 5.O-O {[%clk 1:32:13]}
b5 {[%clk 1:32:11]} 6.Bb3 {[%clk 1:32:35]} Be7 {[%clk 1:32:36]}
7.d4 {[%clk 1:24:59]} exd4 {[%clk 1:12:45]} 8.e5 {[%clk 1:15:27]}
Ne4 {[%clk 1:13:02]} 9.Nxd4 {[%clk 1:04:40]} Nxd4 {[%clk 1:00:26]}
10.Qxd4 {[%clk 1:02:35]} Bb7 {[%clk 0:59:32]} 11.c4 {[%clk 0:53:27]}
b4 {[%clk 0:47:39]} 12.Nd2 {[%clk 0:37:41]} Nc5 {[%clk 0:42:40]}
13.Bc2 {[%clk 0:35:43]} Ne6 {[%clk 0:41:28]} 14.Qg4 {[%clk 0:30:26]}
h5 {[%clk 0:41:32]} 15.Qg3 {[%clk 0:29:48]} Kf8 {[%clk 0:32:41]}
16.f4 {[%clk 0:24:29]} Nd4 {[%clk 0:25:46]} 17.Bd3 {[%clk 0:23:43]}
h4 {[%clk 0:25:57]} 18.Qh3 {[%clk 0:23:28]} Kg8 {[%clk 0:25:38]}
19.Be4 {[%clk 0:19:05]} c6 {[%clk 0:13:03]} 20.Qd3 {[%clk 0:14:08]}
Bc5 {[%clk 0:11:05]} 21.Kh1 {[%clk 0:14:25]} d5 {[%clk 0:09:37]}
22.exd6 {[%clk 0:11:58]} Qxd6 {[%clk 0:09:50]} 23.Nf3 {[%clk 0:09:18]}
h3 {[%clk 0:07:48]} 24.g3 {[%clk 0:06:14]} f5 {[%clk 0:03:05]}
25.Bxf5 {[%clk 0:05:54]} Nxf5 {[%clk 0:03:34]} 26.Qxf5 {[%clk 0:06:14]}
Bd4 {[%clk 0:02:00]} 27.Qe4 {[%clk 0:03:06]} Bf6 {[%clk 0:01:11]}
28.Be3 {[%clk 0:01:56]} Rd8 {[%clk 0:00:56]} 29.Bb6 {[%clk 0:00:34]}
c5 {[%clk 0:00:36]} 30.Qe3 {[%clk 0:00:32]} Qxb6 {[%clk 0:00:53]}
31.Rae1 {[%clk 0:00:51]} Kf7 {[%clk 0:00:44]} 32.Kg1 {[%clk 0:00:44]}
Rhe8 {[%clk 0:00:44]} 33.Ne5+ {[%clk 0:00:33]} Kg8 {[%clk 0:00:48]}
34.Qf2 {[%clk 0:00:37]} Bxe5 {[%clk 0:00:48]} 35.fxe5 {[%clk 0:00:40]}
Rf8 {[%clk 0:01:11]} 36.Qe3 {[%clk 0:00:42]} Qc6 {[%clk 0:01:35]}
37.Rxf8+ {[%clk 0:00:58]} Rxf8 {[%clk 0:02:01]} 0-1

[Event "Russian Women's Higher League 2021"]
[Site "?"]
[Date "2021.07.04"]
[Round "8.21"]
[White "Karmanova, Olga Dm."]
[Black "Baisheva, Nyurguiaana"]
[Result "0-1"]
[WhiteElo "2053"]
[BlackElo "1782"]
[Annotator ""]
[Source ""]
[Remark ""]

1.d4 {[%clk 1:30:57]} Nf6 {[%clk 1:30:53]} 2.c4 {[%clk 1:31:24]}
e6 {[%clk 1:31:20]} 3.g3 {[%clk 1:31:50]} Bb4+ {[%clk 1:31:37]}
4.Nd2 {[%clk 1:31:55]} O-O {[%clk 1:31:28]} 5.Bg2 {[%clk 1:31:25]}
d5 {[%clk 1:31:36]} 6.Qc2 {[%clk 1:26:37]} Nbd7 {[%clk 1:27:13]}
7.Ngf3 {[%clk 1:21:21]} b6 {[%clk 1:22:56]} 8.cxd5 {[%clk 1:20:00]}
Nxd5 {[%clk 1:21:07]} 9.O-O {[%clk 1:16:48]} Bb7 {[%clk 1:20:26]}
10.a3 {[%clk 1:06:58]} Bxd2 {[%clk 1:15:01]} 11.Bxd2 {[%clk 1:07:07]}
h6 {[%clk 1:13:17]} 12.Rac1 {[%clk 1:02:42]} Rc8 {[%clk 1:11:23]}
13.Qb1 {[%clk 0:58:58]} Qe7 {[%clk 1:06:31]} 14.Rfd1 {[%clk 0:47:39]}
Rfd8 {[%clk 1:04:32]} 15.Ne5 {[%clk 0:40:02]} c5 {[%clk 0:58:44]}
16.Nxd7 {[%clk 0:40:05]} Rxd7 {[%clk 0:59:00]} 17.e4 {[%clk 0:38:29]}
Nf6 {[%clk 0:57:40]} 18.dxc5 {[%clk 0:37:41]} Rxc5 {[%clk 0:56:11]}
19.Bc3 {[%clk 0:36:46]} e5 {[%clk 0:52:18]} 20.Rxd7 {[%clk 0:30:49]}
Nxd7 {[%clk 0:51:22]} 21.Rd1 {[%clk 0:26:26]} Rc7 {[%clk 0:49:07]}
22.Qd3 {[%clk 0:23:53]} f6 {[%clk 0:43:55]} 23.f3 {[%clk 0:20:40]}
Nc5 {[%clk 0:41:01]} 24.Qd8+ {[%clk 0:19:55]} Kf7 {[%clk 0:40:41]}
25.Qh8 {[%clk 0:18:29]} Rd7 {[%clk 0:37:21]} 26.Rxd7 {[%clk 0:14:18]}
Qxd7 {[%clk 0:37:44]} 27.Bf1 {[%clk 0:13:14]} Qd1 {[%clk 0:36:35]}
28.Kg2 {[%clk 0:13:40]} Nd3 {[%clk 0:34:35]} 29.Bxd3 {[%clk 0:13:11]}
Qxd3 {[%clk 0:35:00]} 30.Bb4 {[%clk 0:12:22]} Qe2+ {[%clk 0:32:06]}
31.Kg1 {[%clk 0:12:10]} Ba6 {[%clk 0:27:31]} 32.h4 {[%clk 0:11:59]}
Qf1+ {[%clk 0:27:57]} 33.Kh2 {[%clk 0:12:25]} Qf2+ {[%clk 0:28:22]}
34.Kh3 {[%clk 0:10:50]} Qxf3 {[%clk 0:25:49]} 0-1

[Event "Russian Women's Higher League 2021"]
[Site "?"]
[Date "2021.07.04"]
[Round "8.22"]
[White "Kostornichenko, Yana"]
[Black "Mironenko, Galina"]
[Result "1/2-1/2"]
[WhiteElo "1773"]
[BlackElo "1952"]
[Annotator ""]
[Source ""]
[Remark ""]

1.e4 {[%clk 1:30:58]} c5 {[%clk 1:30:47]} 2.Nf3 {[%clk 1:31:20]}
Nc6 {[%clk 1:31:09]} 3.d4 {[%clk 1:31:41]} cxd4 {[%clk 1:31:28]}
4.Nxd4 {[%clk 1:32:06]} g6 {[%clk 1:31:53]} 5.Nc3 {[%clk 1:31:56]}
Bg7 {[%clk 1:32:10]} 6.Nb3 {[%clk 1:30:27]} Nf6 {[%clk 1:30:24]}
7.Be2 {[%clk 1:30:15]} d6 {[%clk 1:28:42]} 8.Be3 {[%clk 1:30:13]}
a6 {[%clk 1:25:37]} 9.a4 {[%clk 1:29:42]} Be6 {[%clk 1:21:55]}
10.Nd4 {[%clk 1:22:38]} Bd7 {[%clk 1:18:55]} 11.O-O {[%clk 1:18:00]}
O-O {[%clk 1:17:04]} 12.Nxc6 {[%clk 1:11:34]} Bxc6 {[%clk 1:12:01]}
13.f3 {[%clk 1:11:37]} Qa5 {[%clk 1:06:19]} 14.Qd2 {[%clk 1:09:30]}
Rfe8 {[%clk 1:03:47]} 15.Rfd1 {[%clk 1:02:10]} Rac8 {[%clk 0:50:52]}
16.Bc4 {[%clk 0:54:40]} Nd7 {[%clk 0:45:26]} 17.Bd4 {[%clk 0:47:55]}
Qb4 {[%clk 0:36:46]} 18.Bxg7 {[%clk 0:35:56]} Kxg7 {[%clk 0:36:22]}
19.Bb3 {[%clk 0:35:43]} Nc5 {[%clk 0:34:17]} 20.Qd4+ {[%clk 0:31:48]}
Qxd4+ {[%clk 0:34:14]} 21.Rxd4 {[%clk 0:32:15]} Nxb3 {[%clk 0:33:14]}
22.cxb3 {[%clk 0:32:43]} f5 {[%clk 0:30:32]} 23.Kf2 {[%clk 0:27:13]}
Kf6 {[%clk 0:25:41]} 24.Ke2 {[%clk 0:25:06]} fxe4 {[%clk 0:21:35]}
25.fxe4 {[%clk 0:25:15]} Ke5 {[%clk 0:21:36]} 26.Ke3 {[%clk 0:24:10]}
Rf8 {[%clk 0:18:31]} 27.Rc4 {[%clk 0:21:47]} g5 {[%clk 0:16:14]}
28.Rc1 {[%clk 0:18:10]} e6 {[%clk 0:08:49]} 29.Ne2 {[%clk 0:14:04]}
Rcd8 {[%clk 0:04:55]} 30.Nd4 {[%clk 0:11:36]} Bxe4 {[%clk 0:02:11]}
31.Nxe6 {[%clk 0:11:40]} Kxe6 {[%clk 0:00:31]} 32.Rxe4+ {[%clk 0:12:00]}
Kd7 {[%clk 0:00:43]} 33.Rc2 {[%clk 0:11:26]} Rde8 {[%clk 0:00:39]}
34.Rxe8 {[%clk 0:10:23]} Rxe8+ {[%clk 0:01:04]} 35.Kd4 {[%clk 0:10:11]}
Rf8 {[%clk 0:01:19]} 36.Re2 {[%clk 0:07:42]} h5 {[%clk 0:00:42]}
37.b4 {[%clk 0:06:21]} Rf4+ {[%clk 0:00:56]} 38.Kc3 {[%clk 0:06:43]}
b5 {[%clk 0:00:34]} 39.b3 {[%clk 0:04:28]} g4 {[%clk 0:00:42]}
40.Rd2 {[%clk 0:32:50]} Kc6 {[%clk 0:30:59]} 41.axb5+ {[%clk 0:30:45]}
axb5 {[%clk 0:27:22]} 42.Ra2 {[%clk 0:30:42]} h4 {[%clk 0:20:54]}
43.Ra6+ {[%clk 0:30:12]} Kc7 {[%clk 0:17:16]} 44.Ra7+ {[%clk 0:28:33]}
Kb6 {[%clk 0:16:22]} 45.Rg7 {[%clk 0:26:40]} Kc6 {[%clk 0:14:25]}
46.Rg5 {[%clk 0:26:18]} h3 {[%clk 0:12:53]} 47.gxh3 {[%clk 0:25:55]}
Rf3+ {[%clk 0:12:34]} 48.Kd4 {[%clk 0:21:59]} gxh3 {[%clk 0:11:58]}
49.Rh5 {[%clk 0:22:07]} Rxb3 {[%clk 0:10:15]} 50.Rh7 {[%clk 0:22:00]}
Rf3 {[%clk 0:07:00]} 51.Rh4 {[%clk 0:20:51]} Rb3 {[%clk 0:06:53]}
52.Rh7 {[%clk 0:20:58]} Rxb4+ {[%clk 0:07:08]} 53.Kc3 {[%clk 0:21:15]}
Rc4+ {[%clk 0:07:17]} 54.Kb3 {[%clk 0:21:20]} Kc5 {[%clk 0:05:58]}
55.Rxh3 {[%clk 0:21:09]} b4 {[%clk 0:05:10]} 56.Rh8 {[%clk 0:20:35]}
Rc3+ {[%clk 0:04:59]} 57.Kb2 {[%clk 0:20:55]} Rf3 {[%clk 0:03:43]}
58.h4 {[%clk 0:20:37]} d5 {[%clk 0:02:50]} 59.h5 {[%clk 0:20:09]}
Kc4 {[%clk 0:01:57]} 60.Rc8+ {[%clk 0:20:12]} Kd4 {[%clk 0:01:32]}
61.h6 {[%clk 0:19:57]} Rh3 {[%clk 0:01:25]} 62.Rh8 {[%clk 0:20:07]}
Kc4 {[%clk 0:01:12]} 63.Rc8+ {[%clk 0:19:19]} Kd3 {[%clk 0:01:10]}
64.Rh8 {[%clk 0:19:11]} d4 {[%clk 0:00:46]} 65.Kb3 {[%clk 0:17:07]}
Kd2+ {[%clk 0:01:00]} 66.Kxb4 {[%clk 0:17:05]} d3 {[%clk 0:01:12]}
67.h7 {[%clk 0:17:14]} Rh4+ {[%clk 0:00:55]} 68.Kb3 {[%clk 0:16:14]}
Rh3 {[%clk 0:00:41]} 69.Kb4 {[%clk 0:16:33]} Rh1 {[%clk 0:00:39]}
70.Kb5 {[%clk 0:15:56]} Rh4 {[%clk 0:00:44]} 71.Kb6 {[%clk 0:16:06]}
Rh5 {[%clk 0:00:50]} 72.Ka6 {[%clk 0:16:24]} Rh3 {[%clk 0:00:43]}
73.Kb5 {[%clk 0:16:41]} Rh4 {[%clk 0:00:36]} 74.Ka5 {[%clk 0:16:59]}
Rh3 {[%clk 0:00:41]} 75.Kb4 {[%clk 0:17:23]} Kd1 {[%clk 0:00:39]}
76.Rd8 {[%clk 0:17:21]} Rh4+ {[%clk 0:00:37]} 77.Kc3 {[%clk 0:17:24]}
Rxh7 {[%clk 0:00:59]} 78.Rxd3+ {[%clk 0:17:48]} 1/2-1/2

[Event "Russian Women's Higher League 2021"]
[Site "?"]
[Date "2021.07.04"]
[Round "8.23"]
[White "Asatryan, Maria"]
[Black "Filippova, Margarita"]
[Result "0-1"]
[WhiteElo "1621"]
[BlackElo "2075"]
[Annotator ""]
[Source ""]
[Remark ""]

1.d4 {[%clk 1:30:58]} Nf6 {[%clk 1:30:56]} 2.Nf3 {[%clk 1:31:24]}
e6 {[%clk 1:31:21]} 3.c4 {[%clk 1:31:51]} Bb4+ {[%clk 1:31:48]}
4.Bd2 {[%clk 1:32:14]} Qe7 {[%clk 1:32:14]} 5.a3 {[%clk 1:31:12]}
Bxd2+ {[%clk 1:32:37]} 6.Qxd2 {[%clk 1:31:39]} d6 {[%clk 1:32:57]}
7.g3 {[%clk 1:32:03]} O-O {[%clk 1:33:14]} 8.Bg2 {[%clk 1:32:28]}
e5 {[%clk 1:33:09]} 9.dxe5 {[%clk 1:31:28]} dxe5 {[%clk 1:33:33]}
10.Nc3 {[%clk 1:31:46]} Rd8 {[%clk 1:21:41]} 11.Qc2 {[%clk 1:28:17]}
Nc6 {[%clk 1:15:01]} 12.Ng5 {[%clk 1:23:04]} Nd4 {[%clk 1:12:34]}
13.Qb1 {[%clk 1:17:04]} Bf5 {[%clk 1:09:48]} 14.Nge4 {[%clk 1:15:02]}
Nb3 {[%clk 1:07:30]} 15.Ra2 {[%clk 1:14:57]} Nd2 {[%clk 1:06:53]}
16.Nxf6+ {[%clk 1:14:02]} Qxf6 {[%clk 1:07:07]} 17.Qc1 {[%clk 1:14:22]}
c6 {[%clk 1:02:09]} 18.Nd5 {[%clk 1:07:55]} cxd5 {[%clk 1:02:08]}
19.Qxd2 {[%clk 1:08:20]} dxc4 {[%clk 1:01:54]} 20.Qe3 {[%clk 1:07:40]}
e4 {[%clk 0:58:42]} 21.O-O {[%clk 1:05:52]} Qd4 {[%clk 0:58:05]}
22.Qf4 {[%clk 0:58:18]} Bg6 {[%clk 0:57:42]} 23.h4 {[%clk 0:56:41]}
Qd2 {[%clk 0:56:58]} 24.Qxd2 {[%clk 0:50:50]} Rxd2 {[%clk 0:57:22]}
25.Rc1 {[%clk 0:51:10]} Rc8 {[%clk 0:55:43]} 26.Kf1 {[%clk 0:49:43]}
b5 {[%clk 0:55:46]} 27.Ke1 {[%clk 0:49:51]} Rcd8 28.Raa1 {[%clk 0:45:15]}
Rxb2 {[%clk 0:56:05]} 29.Rcb1 Rdd2 {[%clk 0:55:31]} 30.Rxb2 {[%clk 0:41:31]}
Rxb2 {[%clk 0:54:44]} 31.e3 {[%clk 0:41:55]} h6 32.Bf1 c3 {[%clk 0:53:07]}
33.Rc1 {[%clk 0:40:53]} Rb3 {[%clk 0:53:26]} 34.g4 h5 {[%clk 0:52:59]}
35.g5 {[%clk 0:38:12]} Bf5 {[%clk 0:53:15]} 36.Kd1 {[%clk 0:38:06]}
Bd7 {[%clk 0:52:45]} 37.Ra1 {[%clk 0:36:57]} Rb2 {[%clk 0:49:30]}
38.Be2 a5 {[%clk 0:49:37]} 39.Bxh5 {[%clk 0:30:40]} Rxf2 40.Rc1
{[%clk 0:59:15]} b4 {[%clk 1:19:49]} 41.axb4 {[%clk 0:57:44]}
axb4 {[%clk 1:20:14]} 42.g6 {[%clk 0:57:53]} Rf1+ 43.Ra1 0-1